Những sự kiện đáng quan tâm từ ngày 1 - 9 - 2008 /

Đã lưu trong:
书目详细资料
主要作者: T.T.
格式: Bài viết
语言:Vietnamese
主题:
标签: 添加标签
没有标签, 成为第一个标记此记录!
Thư viện lưu trữ: Thư viện Trường Đại học Đà Lạt
LEADER 00740nam a2200265 4500
001 DLU100108145
005 ##20100526
040 # # |a DLU  |b vie 
041 # # |a vie 
044 # # |a vn 
100 # # |a T.T. 
245 # # |a Những sự kiện đáng quan tâm từ ngày 1 - 9 - 2008 /  |c T.T. 
653 # # |a Hợp tác quốc tế 
653 # # |a Quản lí tài chính 
653 # # |a Tài chính ngân hàng 
773 # # |t Toàn cảnh  |g Số9(218), 2008, tr. 20-21 
920 # # |a Phòng Tạp chí -- Trung tâm Thông tin - Thư viện Trường Đại học Đà Lạt 
994 # # |a DLU 
900 # # |a True 
911 # # |a Nguyễn Thị Linh Chi 
925 # # |a G 
926 # # |a A 
927 # # |a BB 
980 # # |a Thư viện Trường Đại học Đà Lạt